LEADER 01397nam 2200385Ia 450 001 9910696922503321 005 20230902161730.0 035 $a(CKB)5470000002383670 035 $a(OCoLC)558728732 035 $a(EXLCZ)995470000002383670 100 $a20100318d1997 ua 0 101 0 $aeng 135 $auran||||||||| 181 $ctxt$2rdacontent 182 $cc$2rdamedia 183 $acr$2rdacarrier 200 00$aGuidance for industry$b[electronic resource] $echanges to an approved application for specified biotechnology and specified synthetic biological products 210 1$a[Rockville, MD] :$cU.S. Dept. of Health and Human Services, Food and Drug Administration, Center for Biologics Evaluation and Research :$cCenter for Drug Evaluation and Research,$d[1997] 215 $a1 electronic research (i, 8 pages) 300 $a"July 1997." 517 $aGuidance for industry 606 $aBiotechnology$zUnited States 606 $aBiologicals$zUnited States 606 $aDrug approval$zUnited States 615 0$aBiotechnology 615 0$aBiologicals 615 0$aDrug approval 712 02$aCenter for Drug Evaluation and Research (U.S.) 712 02$aCenter for Biologics Evaluation and Research (U.S.) 801 0$bGPO 801 1$bGPO 906 $aBOOK 912 $a9910696922503321 996 $aGuidance for industry$93434577 997 $aUNINA LEADER 01576nam 2200517 450 001 9910823846703321 005 20230803034709.0 010 $a88-97419-46-1 035 $a(CKB)3710000000105783 035 $a(EBL)3034679 035 $a(SSID)ssj0001397173 035 $a(PQKBManifestationID)11779557 035 $a(PQKBTitleCode)TC0001397173 035 $a(PQKBWorkID)11415270 035 $a(PQKB)10742342 035 $a(MiAaPQ)EBC3034679 035 $a(Au-PeEL)EBL3034679 035 $a(CaPaEBR)ebr10960565 035 $a(OCoLC)879370456 035 $a(EXLCZ)993710000000105783 100 $a20141105h20132013 uy 0 101 0 $aita 135 $aur|n|---||||| 181 $ctxt 182 $cc 183 $acr 200 10$a100 domande sulle strategie di comunicazione in sanita? /$fAnna Maria De Santi, Iole Simeoni 210 1$aTurin, Italy :$cSEEd,$d2013. 210 4$dİ2013 215 $a1 online resource (180 p.) 300 $aDescription based upon print version of record. 311 $a88-97419-45-3 320 $aIncludes bibliographical references. 517 3 $aUno cento domande sulle strategie di comunicazione in sanit 606 $aCommunication in medicine 615 0$aCommunication in medicine. 676 $a610.696 700 $aDe Santi$b Anna Maria$01630125 702 $aSimeoni$b Iole 801 0$bMiAaPQ 801 1$bMiAaPQ 801 2$bMiAaPQ 906 $aBOOK 912 $a9910823846703321 996 $a100 domande sulle strategie di comunicazione in sanita?$93968237 997 $aUNINA